| 000 | 00573nam a2200205Ia 4500 | ||
|---|---|---|---|
| 003 | OSt | ||
| 005 | 20250303114818.0 | ||
| 008 | 210210b1972 xxu||||| |||| 00| 0 eng d | ||
| 040 | _cAL | ||
| 041 | _ahin | ||
| 082 | _aH891.4 HIGP | ||
| 100 |
_aHIGHLAND (Harold Joseph): _9203374 |
||
| 110 |
_bहाइलैंड हेरोल्ड जोसेफ _9203375 |
||
| 245 |
_aPrakash aur rang: _bप्रकाश और रंग |
||
| 260 |
_aDilli _bShiksha Bharati _c1972 |
||
| 300 | _a48 | ||
| 690 |
_aHindi Prose _9203376 |
||
| 906 | _a030681 | ||
| 942 |
_2ddc _cBK |
||
| 999 |
_c81810 _d81810 |
||